1279 1486 1122 1416 1451 1206 1188 1007 1609 1838 1045 1026 1946 1562 1514 1995 1817 1629 1957 1904 1885 1612 1338 1490 1395 1663 1784 1254 1682 1474 1118 1990 1949 1874 1663 1312 1888 1620 1544 1174 1439 1379 1527 1952 1448 1405 1894 1501 1011 1747 1152 1222 1983 1266 1954 1466 1278 1615 1477 1013 1993 1492 1813 1728 1368 1499 1534 1562 1565 1043 1268 1911 1355 1351 1092 1758 1783 1971 1243 1419 1173 1133 1640 1224 1523 1723 1778 1338 1159 1966 1053 1337 1974 1431 1006 1830 1769 1888 1658 BCNSPRNW ULIB Ver.6.0+V

เปลี่ยนเป็นภาษาไทย

Change to English
 แสดงรายละเอียดบรรณานุกรม
  กลับหน้าหลัก

Brief Record : Get Marc (ISO 2709) : E-mail record : QR code < ปิดหน้าต่าง
LEADER : 00000nam 2200000uu 4500
001    13399122640
003     ULIB
008    130820s2013||||th 000 0 eng d
020    ^a9781609136949
060 04 ^aWY49^bS387m
100 1  ^aSchultz, Judith M.
245 10 ^aLippincott's manual of psychiatric nursing care plans /^cJudith M. Schultz, Sheila L. Videbeck
246 30 ^aManual of psychiatric nursing care plans
246 30 ^aPsychiatric nursing care plans
250    ^a9th ed.
260    ^aPhiladelphia :^bWolters Kluwer Health/Lippincott, Williams& Wilkins,^c2013
300    ^ax, 392 p. ;^c28 cm.
504    ^aIncludes bibliographical references and index
650  0 ^aPsychiatric nursing^vHandbooks, manuals, etc.
650  0 ^aNursing care plans^vHandbooks, manuals, etc.
650  2 ^aMental Disorders^xnursing^vHandbooks
650  2 ^aPatient Care Planning^vHandbooks
650  2 ^aPsychiatric Nursing^xmethods^vHandbooks
700 1  ^aVidebeck, Sheila L.
945    ^p780^l0^i033825
999    ^aเกษร โพธิ์สุวรรณ
รายการนี้ยังไม่มีแท็ก
คุณยังไม่ได้ล็อกอิน คุณสามารถมีกิจกรรมร่วมกับเว็บไซต์ได้ แต่ต้องล็อกอินก่อน ::
  ล็อกอิน

รายการสื่อสารสนเทศ

ลำดับที่ ประเภท เลขเรียก/บาร์โค้ด สถานที่ สถานะ
1. วิทยาศาสตร์การแพทย์ และสุขภาพ
วิทยาศาสตร์การแพทย์ และสุขภาพ
WY49 S387m  
  Barcode: 033825
ห้องสมุดวิทยาเขตสวรรค์ประชารักษ์
►หนังสือทั่วไป
บนชั้น

BibComment


ยังไม่เคยถูกคอมเมนท์

คอมเมนท์ทรัพยากรรายการนี้
  คอมเมนท์: Lippincotts manu..


 Copyright 2026. Bcnsprnw @Library